| 000 | 00806nam a2200241 a 4500 | ||
|---|---|---|---|
| 001 | 000023693 | ||
| 005 | 20250519123339.0 | ||
| 008 | 101220s2000 sp a r 000 0 spa d | ||
| 020 | _a8484036162 | ||
| 040 |
_aDO-SdBNP _bspa _cBNPHU |
||
| 082 |
_a612.63 _bG643n |
||
| 100 | 1 |
_aGonzález Ramírez, José Francisco _948803 |
|
| 245 | 1 | 0 |
_aEl niño antes de nacer : _bla estimulación prenatal y el embarazo / _cJosé Francisco González Ramírez. |
| 260 |
_aMadrid : _bEdimat, _c2000. |
||
| 300 |
_a184, [1] p. : _bil. ; _c22 cm. |
||
| 490 | 1 |
_aTemas de familia _v7 |
|
| 650 | 0 |
_aEmbrazo _91406 |
|
| 650 | 4 |
_aFisiología _936799 |
|
| 650 | 4 |
_aEmbarazo _xAspectos psicológicos _948804 |
|
| 650 | 4 |
_aFetos expuestos al abuso de substancias _948805 |
|
| 830 | 0 |
_aTemas de familia ; _v7 _948806 |
|
| 049 | _aBNGR | ||
| 999 |
_c23189 _d23189 |
||